| 000 | 00479nam a2200193 a 4500 | ||
|---|---|---|---|
| 001 | 1761368409990 | ||
| 003 | ACL | ||
| 005 | 20251025103145.0 | ||
| 008 | 251025s1997##################000#0#eng## | ||
| 020 | _a9781574440744 | ||
| 082 | 0 | 4 |
_a658.7 _bCOP |
| 100 | 1 |
_aCopacino, William C., _eauthor. |
|
| 245 | 1 | 0 | _aSupply Chain Management : |
| 260 |
_bCRC Press, _c1997. |
||
| 300 | _a226 pages | ||
| 650 | 0 | _aBusiness & Economics. | |
| 942 | _cENGLISH | ||
| 040 |
_aACL _beng _cACL |
||
| 999 |
_c593564 _d593564 |
||